| 000 | 00448pab a2200181 454500 | ||
|---|---|---|---|
| 008 | 180718b2006 xxu||||| |||| 00| 0 eng d | ||
| 100 | _aVyas, Shalini | ||
| 245 | _aTraining volunteers for reproductive health: today's need | ||
| 260 | _c2006 | ||
| 300 | _ap.8-14. | ||
| 362 | _a1 May | ||
| 650 | _aVolunteers | ||
| 650 | _aTraining | ||
| 650 | _aHealth services | ||
| 700 | _aMathu, Anuradha | ||
| 773 | _aUniversity News | ||
| 909 | _a69499 | ||
| 999 |
_c69499 _d69499 |
||